MARC

LEADER 00000nas a22000007a 4500
001 ssj0001782
003 WaSeSS
005 20200512172242.0
006 m d
007 cr n
008 020128c19849999txuqr pss 0 a0eng c
010 |a  2002211004 
015 |a GBB405280  |2 bnb 
016 7 |a 2068560-9  |2 DE-600 
016 7 |a 016584229  |2 Uk 
022 |a 1538-4756  |l 0741-9325  |y 0741-9325 
035 |a (WaSeSS)ssj0001782 
037 |b PRO-ED Inc., 8700 Shoal Creek Blvd., Austin, TX 78757  |c $43.00 (individual, North America)  |c $109.00 (institution, North America)  |c $71.00 (individual, foreign)  |c $138.00 (institution, foreign) 
040 |a NSD  |b eng  |c NSD  |d OCLCQ  |d NSD  |d OCLCQ  |d UV$  |d AU@  |d NTE  |d NSD  |d KSU  |d OCLCQ  |d SERSO  |d OCLCQ  |d OCLCO  |d OCLCF  |d OCLCO  |d VT2  |d OCLCQ  |d OCLCO  |d DYJ  |d Z5A  |d OCLCO  |d WT2  |d NLE  |d BUF  |d REB  |d OCLCO  |d OCLCQ  |d TOF  |d OCLCO  |d WYU  |d OCLCO  |d UKMGB  |d OCLCA  |d DCHUA  |d U3W  |d SFB  |d CNMTR  |d OCLCQ  |d OCLCO  |d OCLCA  |d WaSeSS 
042 |a pcc  |a nsdp 
050 1 4 |a LC3950  |b .R45 
082 0 4 |a 371.9/05  |2 19 
130 0 |a Remedial and special education (Online) 
210 0 |a Remedial spec. educ.  |b (Online) 
222 0 |a Remedial and special education  |b (Online) 
245 1 0 |a Remedial and special education  |h [electronic resource]. 
260 |a Austin, Tex. :  |b PRO-ED 
310 |a Quarterly 
362 1 |a Print began with vol. 5, no. 1 (Jan./Feb. 1984). 
506 |a License restrictions may limit access. 
538 |a Mode of access: World Wide Web. 
588 0 |a Vol. 22, no. 6 (Nov./Dec. 2001); title from title screen (viewed July 1, 2003). 
588 1 |a Vol. 24, no. 3 (May/June 2003) (viewed July 1, 2003). 
650 0 |a Special education  |v Periodicals. 
650 0 |a Learning disabilities  |v Periodicals. 
650 2 |a Education, Special. 
650 2 |a Remedial Teaching. 
650 7 |a Learning disabilities.  |2 fast  |0 (OCoLC)fst00994891 
650 7 |a Special education.  |2 fast  |0 (OCoLC)fst01128842 
655 0 |a Electronic journals. 
776 1 |t Remedial and special education  |x 0741-9325  |w (DLC) 84645456  |w (OCoLC)10233624 
780 1 4 |t Topics in learning & learning disabilities  |x 0271-1494  |w (OCoLC)643961579 
780 1 4 |t Exceptional education quarterly  |x 0196-6960  |w (OCoLC)577286229 
780 1 4 |t Journal for special educators  |x 0197-5323  |w (OCoLC)713418423 
856 4 0 |z Full text available from Research Library: 03/01/1997 to 05/31/2010  |u https://search.proquest.com/publication/48109